000 00384nam a2200145Ia 4500
008 230312s9999||||xx |||||||||||||| ||und||
020 _a978-9332555235
082 _a629.892
_bSCH-F
100 _aSchilling;Robert.J
245 0 _aFundamentals of Robotics Analysis and Control
260 _bPearsons
_aIndia
_c2017
300 _a425
650 _aEngineering
_vMechanical
942 _cBK
999 _c13928
_d13928